Návrh informačného systému na údržbu strojov a zariadení vo výrobnej firme

Salvato in:
Dettagli Bibliografici
Autore principale: Blaško, Eduard (Autore)
Altri autori: Špendla, Lukáš (Relatore della tesi)
Natura: Manoscritto Libro
Lingua:slovacco
Pubblicazione: 2017
Soggetti:
Accesso online:http://is.stuba.sk/zp/portal_zp.pl?podrobnosti=126286
Tags: Aggiungi Tag
Nessun Tag, puoi essere il primo ad aggiungerne!!

MARC

LEADER 00000ntm a22000003a 4500
001 stuzp62130
003 SK-STU
005 20170610210449.9
007 ta
008 150427s2015----xo-----f-mn---000-0-slo-d
040 |a STU  |b slo 
041 0 |a slo 
100 1 |a Blaško, Eduard  |u 066000  |k Z4  |4 aut  |U MTF Materiálovotechnologická fakulta  |T MTF Ústav aplikovanej informatiky, automatizácie a mechatroniky  |X 46872  |U M6000  |Y 86  |7 46872 
242 0 1 |a Design of an information system for maintenance of machines and equipment in the manufacturing company  |y eng 
245 1 0 |a Návrh informačného systému na údržbu strojov a zariadení vo výrobnej firme 
260 |c 2017 
650 4 |a Údržba  |2 slo 
650 4 |a BPMN  |2 slo 
650 4 |a UML  |2 slo 
650 4 |a Visual Studio  |2 slo 
650 4 |a SQL  |2 slo 
650 4 |a Informačný systém  |2 slo 
650 4 |a Windows Form Aplikácia  |2 slo 
650 4 |a C#  |2 slo 
650 4 |a Information System  |2 eng 
650 4 |a Maintenance  |2 eng 
650 4 |a BPMN  |2 eng 
650 4 |a UML  |2 eng 
650 4 |a Visual Studio  |2 eng 
650 4 |a Windows Form Application  |2 eng 
650 4 |a C#  |2 eng 
650 4 |a SQL  |2 eng 
700 1 |a Špendla, Lukáš  |u 066000  |k Z1  |4 ths  |U MTF Materiálovotechnologická fakulta  |T MTF Ústav aplikovanej informatiky, automatizácie a mechatroniky  |X 52333  |U M6000  |Y 86  |7 A000052333 
856 4 |u http://is.stuba.sk/zp/portal_zp.pl?podrobnosti=126286 
996 |c M* DP-13315  |l MMSKP  |s P  |a 0  |w stuzp62130_0001